000 00351 a2200133 4500
001 64519
040 _cAnchieta - Pituba
100 _aGuerra, Monique Ricardo Campos
240 1 0 _a1ª Avaliação de Língua Portuguesa, 6º ano
_lpor
245 1 0 _a1ª Avaliação de Língua Portuguesa, 6º ano
362 0 _a2018
650 4 _aLinguagem
942 _cBK
999 _c64519
_d64519